Femina moralia

Saved in:  
Bibliographic Details
Main Author: Annecke, Ute 1950- (Adapter)
Corporate Author: Sozialwissenschaftliche Forschung und Praxis für Frauen e.V. (Other)
Format: Print Book
Language:German
Subito Delivery Service: Order now.
Check availability: HBZ Gateway
Interlibrary Loan:Interlibrary Loan for the Fachinformationsdienste (Specialized Information Services in Germany)
Published: Köln Eigenverl. d. Vereins Beitr. zur Feminist. Theorie u. Praxis 1990
In: Beiträge zur feministischen Theorie und Praxis (28)
Year: 1990
Edition:1. Aufl.
Series/Journal:Beiträge zur feministischen Theorie und Praxis 28
Standardized Subjects / Keyword chains:B Feminism (motif)
B Ethics / Feminism (motif)
Further subjects:B Collection of essays

MARC

LEADER 00000cam a2200000 c 4500
001 1092135650
003 DE-627
005 20250628181921.0
007 tu
008 901105s1990 xx ||||| 00| ||ger c
035 |a (DE-627)1092135650 
035 |a (DE-576)022135650 
035 |a (DE-599)BSZ022135650 
035 |a (DE-604)8041626931 
040 |a DE-627  |b ger  |c DE-627  |e rakwb 
041 |a ger 
084 |a 1  |2 ssgn 
084 |a MS 3000  |2 rvk  |0 (DE-625)rvk/123652: 
084 |a MS 3200  |2 rvk  |0 (DE-625)rvk/123676: 
245 0 0 |a Femina moralia  |c [Hrsg.: Sozialwissenschaftliche Forschung & Praxis für Frauen e.V. Red.: Ute Annecke ...] 
250 |a 1. Aufl. 
264 1 |a Köln  |b Eigenverl. d. Vereins Beitr. zur Feminist. Theorie u. Praxis  |c 1990 
300 |a 157 S.  |b Ill., graph. Darst. 
336 |a Text  |b txt  |2 rdacontent 
337 |a ohne Hilfsmittel zu benutzen  |b n  |2 rdamedia 
338 |a Band  |b nc  |2 rdacarrier 
490 1 |a Beiträge zur feministischen Theorie und Praxis  |v 28 
583 1 |a Archivierung/Langzeitarchivierung gewährleistet  |f SSG  |x XA-DE-BW  |2 pdager  |5 DE-21 
655 7 |a Aufsatzsammlung  |0 (DE-588)4143413-4  |0 (DE-627)105605727  |0 (DE-576)209726091  |2 gnd-content 
689 0 0 |d s  |0 (DE-588)4222126-2  |0 (DE-627)104499168  |0 (DE-576)210278633  |2 gnd  |a Feminismus 
689 0 |5 (DE-627) 
689 1 0 |d s  |0 (DE-588)4015602-3  |0 (DE-627)106335987  |0 (DE-576)208912614  |2 gnd  |a Ethik 
689 1 1 |d s  |0 (DE-588)4222126-2  |0 (DE-627)104499168  |0 (DE-576)210278633  |2 gnd  |a Feminismus 
689 1 |5 (DE-627) 
700 1 |8 1\p  |e Red.  |0 (DE-588)1076578357  |0 (DE-627)835082008  |0 (DE-576)445423684  |4 adp  |a Annecke, Ute  |d 1950- 
710 2 |0 (DE-588)2053610-0  |0 (DE-627)103160302  |0 (DE-576)192013076  |4 oth  |a Sozialwissenschaftliche Forschung und Praxis für Frauen e.V. 
830 0 |a Beiträge zur feministischen Theorie und Praxis  |v 28  |9 28  |w (DE-627)130271454  |w (DE-576)015839834  |w (DE-600)563656-5  |x 0722-0189  |7 am 
883 |8 1\p  |a cgwrk  |d 20241001  |q DE-101  |u https://d-nb.info/provenance/plan#cgwrk 
935 |a mteo 
936 r v |a MS 3000  |b Allgemeines  |k Soziologie  |k Spezielle Soziologien  |k Soziologische Geschlechterforschung (Gender Studies)  |k Spezielle Forschungsgebiete der soziologischen Geschlechterforschung  |k Allgemeines  |0 (DE-627)1270705695  |0 (DE-625)rvk/123652:  |0 (DE-576)200705695 
936 r v |a MS 3200  |b Kategorie Geschlecht und Recht, Gleichberechtigung, Diskriminierung (Intersektionalität, Mehrfachdiskriminierung)  |k Soziologie  |k Spezielle Soziologien  |k Soziologische Geschlechterforschung (Gender Studies)  |k Spezielle Forschungsgebiete der soziologischen Geschlechterforschung  |k Kategorie Geschlecht und Recht, Gleichberechtigung, Diskriminierung (Intersektionalität, Mehrfachdiskriminierung)  |0 (DE-627)1271304457  |0 (DE-625)rvk/123676:  |0 (DE-576)201304457 
951 |a BO 
ACO |a 1 
ELC |b 1 
ITA |a 1  |t 1 
LOK |0 000 xxxxxcx a22 zn 4500 
LOK |0 001 2153646960 
LOK |0 003 DE-627 
LOK |0 004 1092135650 
LOK |0 005 20010207000000 
LOK |0 008 901105||||||||||||||||ger||||||| 
LOK |0 040   |a DE-21  |c DE-627  |d DE-21 
LOK |0 852   |a DE-21 
LOK |0 852 1  |c ZA 6102-27/28  |9 00 
LOK |0 939   |a 05-11-90  |b l01 
LOK |0 000 xxxxxcx a22 zn 4500 
LOK |0 001 2153646979 
LOK |0 003 DE-627 
LOK |0 004 1092135650 
LOK |0 005 20190214101703 
LOK |0 008 941025||||||||||||||||ger||||||| 
LOK |0 040   |a DE-21-35  |c DE-627  |d DE-21-35 
LOK |0 541   |e 1990/84049 
LOK |0 852   |a DE-21-35 
LOK |0 852 1  |c Mg 7.35-28  |m p  |9 00 
LOK |0 852 2  |b Magazin  |9 00 
LOK |0 938   |k p 
LOK |0 939   |a 25-10-94  |b l01 
LOK |0 000 xxxxxcx a22 zn 4500 
LOK |0 001 2153647029 
LOK |0 003 DE-627 
LOK |0 004 1092135650 
LOK |0 005 20100407153757 
LOK |0 008 050922||||||||||||||||ger||||||| 
LOK |0 040   |a DE-21-53  |c DE-627  |d DE-21-53 
LOK |0 541   |e III/340/17449 
LOK |0 852   |a DE-21-53 
LOK |0 852 1  |c V 12 Bei I 3  |m p  |9 00 
LOK |0 935   |a k053 
LOK |0 938   |k p 
LOK |0 939   |a 22-09-05  |b l01 
LOK |0 000 xxxxxcx a22 zn 4500 
LOK |0 001 2841447235 
LOK |0 003 DE-627 
LOK |0 004 1092135650 
LOK |0 005 20150429145805 
LOK |0 008 150429||||||||||||||||ger||||||| 
LOK |0 040   |a DE-21-121  |c DE-627  |d DE-21-121 
LOK |0 541   |e 1990/1357 
LOK |0 689   |a s  |a Sozialethik 
LOK |0 689   |a s  |a Feministische Ethik 
LOK |0 689   |a s  |a Feministische Theorie 
LOK |0 852   |a DE-21-121 
LOK |0 852 1  |c phil J.3.10. 1  |m p  |9 00 
LOK |0 866   |x Bibdia: 1173 
LOK |0 935   |a k121  |a i121 
LOK |0 938   |k p 
LOK |0 939   |a 29-04-15  |b l01 
LOK |0 000 xxxxxcx a22 zn 4500 
LOK |0 001 2845417918 
LOK |0 003 DE-627 
LOK |0 004 1092135650 
LOK |0 005 20150602085620 
LOK |0 008 150602||||||||||||||||ger||||||| 
LOK |0 040   |a DE-21-121  |c DE-627  |d DE-21-121 
LOK |0 541   |e 1999/0265 
LOK |0 689   |a s  |a Feministische Theorie 
LOK |0 689   |a s  |a Angewandte Ethik 
LOK |0 689   |a s  |a Lesbische Ethik 
LOK |0 852   |a DE-21-121 
LOK |0 852 1  |c phil J.5. 11  |m p  |9 00 
LOK |0 866   |x Bibdia: 17375 
LOK |0 935   |a k121  |a i121 
LOK |0 938   |k p 
LOK |0 939   |a 02-06-15  |b l02 
ORI |a SA-MARC-ixtheoa001.raw 
STA 0 0 |a Ethics,Ethics,Moral philosophy,Philosophical Ethics,Ethics,Feminism (motif),Feminism,Feminist theory 
STB 0 0 |a Féminisme (motif),Féminisme,Théorie féministe,Éthique,Éthique,Morale,Morale,Morale 
STC 0 0 |a Feminismo,Ética,Ética,Ética moderna 
STD 0 0 |a Etica,Etica,Femminismo 
STE 0 0 |a 伦理学,道德哲学,道德学,女性主义,女权运动,女权主义 
STF 0 0 |a 倫理學,道德哲學,道德學,女性主義,女權運動,女權主義 
STG 0 0 |a Feminismo,Ética,Ética 
STH 0 0 |a Феминизм,Этика (мотив),Этика 
STI 0 0 |a Ηθική (μοτίβο),Ηθική,Φεμινισμός 
SYG 0 0 |a Feministische Theorie,Feministische Theorie , Ethics,Moral,Morality,Moralphilosophie,Tugend,Wertethik,Ethische Theorie,Moral,Philosophische Ethik,Sittenlehre,Moralphilosophie , Feministische Theorie,Feministische Theorie